000
00286nam a22001217a 4500
008
181204b xxu||||| |||| 00| 0 eng d
041
_a
eng
080
_2
8 th
_a
621
100
_a
25
101
_a
ENG
245
_a
Technical Analysis Of Stock Trends
_c
Bassetti.W.M
942
_2
udc
_c
BK
999
_c
52757
_d
52757